Troubleshooting TCP/IP : analyzing the protocols of the Internet

Bibliographic Details
Main Author: Miller, Mark A
Format: Book
Published: New York : M & T Books , 1996
Edition:2nd. ed
Subjects:

MARC

LEADER 00000cam a2200000 7i4500
001 0000018607
002 000020242
005 20081118.0
020 |a 1558514503 
090 0 0 |a 004.62   |b MIL 
100 1 |a Miller, Mark A 
245 1 0 |a Troubleshooting TCP/IP :   |b analyzing the protocols of the Internet   |c Mark A. Miller 
250 |a 2nd. ed 
260 |a New York :   |b M & T Books ,   |c 1996 
300 |a 772 p. ;   |c 24cm. 
650 0 0 |a TCP/IP (Computer network protocol) 
999 |a 00070720   |b BUKU   |c PINJAMAN   |e PERPUSTAKAAN KOMUNITI PETALING JAYA